| Tag |
First Indicator |
Second Indicator |
Subfields |
| LEADER |
00000cam a2200000 i 4500 |
| 001 |
in00003537613 |
| 005 |
20211120172951.0 |
| 006 |
m o d f |
| 007 |
cr bn||||||||| |
| 008 |
101111s1992 dcu ob f000 0 eng c |
| 019 |
|
|
|a 623173879
|a 760358553
|
| 035 |
|
|
|a (OCoLC)ocn681079812
|
| 040 |
|
|
|a OCLCE
|b eng
|e rda
|e pn
|c OCLCE
|d OCLCQ
|d OCLCF
|d OCLCO
|d GPO
|d MvI
|d UtOrBLW
|
| 042 |
|
|
|a pcc
|
| 043 |
|
|
|a n-us---
|
| 049 |
|
|
|a WWW
|
| 074 |
|
|
|a 0545-A-08 (online)
|
| 086 |
0 |
|
|a GA 1.33:93-27 TR
|
| 088 |
|
|
|a GAO/OCG-93-27 TR
|
| 110 |
1 |
|
|a United States.
|b General Accounting Office,
|e issuing body.
|
| 245 |
1 |
0 |
|a NASA issues /
|c United States General Accounting Office.
|
| 264 |
|
1 |
|a Washington, D.C. :
|b United States General Accounting Office,
|c 1992.
|
| 300 |
|
|
|a 1 online resource (25 pages)
|
| 336 |
|
|
|a text
|b txt
|2 rdacontent
|
| 337 |
|
|
|a computer
|b c
|2 rdamedia
|
| 338 |
|
|
|a online resource
|b cr
|2 rdacarrier
|
| 490 |
1 |
|
|a Transition series
|
| 500 |
|
|
|a Title from title screen (viewed Mar. 18, 2015).
|
| 500 |
|
|
|a "December 1992."
|
| 504 |
|
|
|a Includes bibliographical references (pages 19-22).
|
| 500 |
|
|
|a "GAO/OCG-93-27 TR."
|
| 610 |
1 |
0 |
|a United States.
|b National Aeronautics and Space Administration
|x Management.
|
| 776 |
0 |
8 |
|i Print version:
|a United States. General Accounting Office.
|t NASissues
|w (OCoLC)27299255
|
| 830 |
|
0 |
|a Transition series.
|
| 856 |
4 |
0 |
|u https://purl.fdlp.gov/GPO/gpo44859
|t 0
|
| 999 |
|
|
|a MARS
|
| 999 |
f |
f |
|s 91443436-a621-304d-b531-37b4cf882500
|i eb1eac2f-0490-35c4-90e4-980f1b8adc5d
|t 0
|
| 952 |
f |
f |
|a Texas A&M University
|b College Station
|c Electronic Resources
|d Available Online
|t 0
|e GA 1.33:93-27 TR
|h Superintendent of Documents classification
|
| 998 |
f |
f |
|a GA 1.33:93-27 TR
|t 0
|l Available Online
|